000 00303nam a22001337a 4500
008 180213b xxu||||| |||| 00| 0 eng d
020 _a9780875842134
041 _aeng
080 _a338
100 _a54
101 _aMEN
245 _aManaging projects and programs
_cAugustine,N.R
942 _2udc
_cBK
999 _c42425
_d42425